000 01357nam a2200349Ia 4500
001 ebr10627497
003 CaPaEBR
006 m u
007 cr cn|||||||||
008 120322s2013 si ab sb 001 0 eng d
010 _z 2012012247
020 _z9789814299787
020 _z9789814299794
020 _z9814299782
040 _aCaPaEBR
_cCaPaEBR
035 _a(OCoLC)819070465
050 1 4 _aRC848.H44
_bC47 2013eb
082 0 4 _a616.3/623
_223
245 0 0 _aChronic hepatitis B and C
_h[electronic resource] :
_bbasic science to clinical applications /
_ceditor, Chiaho Shih.
260 _aSingapore ;
_aHackensack, NJ :
_bWorld Scientific,
_cc2013.
300 _axviii, 396 p. :
_bill. (some col.), col. maps.
504 _aIncludes bibliographical references and index.
533 _aElectronic reproduction.
_bPalo Alto, Calif. :
_cebrary,
_d2011.
_nAvailable via World Wide Web.
_nAccess may be limited to ebrary affiliated libraries.
650 0 _aChronic diseases.
650 0 _aHepatitis B
_xPathophysiology.
650 0 _aHepatitis C
_xPathophysiology.
650 0 _aHepatitis C
_xTreatment.
655 7 _aElectronic books.
_2local
700 1 _aShih, Chiaho.
710 2 _aebrary, Inc.
856 4 0 _uhttp://site.ebrary.com/lib/rucke/Doc?id=10627497
_zAn electronic book accessible through the World Wide Web; click to view
999 _c66853
_d66853